Score 0/20 Timer 04:00
0 Plays Today
Question Answer Wrong Answers
The Parent Trap Lindsay Lohan
89.4%
Rachel McAdams
2.7%
Amanda Seyfried
1.6%
Lacey Chabert
1.4%
Freaky Friday Lindsay Lohan
88.5%
Rachel McAdams
2%
Amanda Seyfried
1.9%
Lacey Chabert
1.2%
The Notebook Rachel McAdams
87%
Lindsay Lohan
1.8%
Amanda Seyfried
4.2%
Lacey Chabert
1.8%
Mamma Mia! Amanda Seyfried
87%
Rachel McAdams
4.1%
Lindsay Lohan
1.8%
Lacey Chabert
1.4%
Herbie Fully Loaded Lindsay Lohan
81.6%
Rachel McAdams
3.2%
Amanda Seyfried
3.8%
Lacey Chabert
5%
Les Misérables Amanda Seyfried
77.4%
Rachel McAdams
9.5%
Lindsay Lohan
1.6%
Lacey Chabert
5.9%
Sherlock Holmes: A Game of Shadows Rachel McAdams
72.9%
Lindsay Lohan
3.4%
Amanda Seyfried
10%
Lacey Chabert
7.5%
Doctor Strange Rachel McAdams
69.6%
Lindsay Lohan
3.8%
Amanda Seyfried
11.2%
Lacey Chabert
9.5%
Game Night Rachel McAdams
66.8%
Lindsay Lohan
6.7%
Amanda Seyfried
7.7%
Lacey Chabert
12%
Spotlight Rachel McAdams
65.2%
Lindsay Lohan
6.6%
Amanda Seyfried
9.6%
Lacey Chabert
11.1%
Christian Mingle Lacey Chabert
61%
Rachel McAdams
10.5%
Lindsay Lohan
9.7%
Amanda Seyfried
12.1%
Jennifer's Body Amanda Seyfried
57.6%
Rachel McAdams
11.1%
Lindsay Lohan
8.9%
Lacey Chabert
15.9%
Dear John Amanda Seyfried
56.3%
Rachel McAdams
25.4%
Lindsay Lohan
4.6%
Lacey Chabert
6.8%
Lost in Space Lacey Chabert
56.3%
Rachel McAdams
14.1%
Lindsay Lohan
8.2%
Amanda Seyfried
15.3%
Daddy Day Care Lacey Chabert
55.5%
Rachel McAdams
13%
Lindsay Lohan
11.1%
Amanda Seyfried
14%
Not Another Teen Movie Lacey Chabert
55%
Rachel McAdams
8%
Lindsay Lohan
17.8%
Amanda Seyfried
12.9%
Just My Luck Lindsay Lohan
54.2%
Rachel McAdams
13.1%
Amanda Seyfried
8.7%
Lacey Chabert
17.2%
Ghosts of Girlfriends Past Lacey Chabert
39%
Rachel McAdams
27.1%
Lindsay Lohan
10.1%
Amanda Seyfried
16.3%
In Time Amanda Seyfried
38.7%
Rachel McAdams
35%
Lindsay Lohan
6.7%
Lacey Chabert
11.5%
Machete Lindsay Lohan
35.1%
Rachel McAdams
14.1%
Amanda Seyfried
14.4%
Lacey Chabert
29.8%
Remove Ads.
Support Sporcle.
Get the best of Sporcle when you Go Orange. This ad-free experience offers more features, more stats, and more fun while also helping to support Sporcle. Thank you for becoming a member.

You're not logged in!

Compare scores with friends on all Sporcle quizzes.
OR
Log In

Show Comments

Extras

Top Quizzes Today


Score Distribution

Your Account Isn't Verified!

In order to create a playlist on Sporcle, you need to verify the email address you used during registration. Go to your Sporcle Settings to finish the process.

Report this User

Report this user for behavior that violates our Community Guidelines.

Details: